Handbook of balance function testing (Registro nro. 91088)

Detalles MARC
000 -ENCABEZADO
Número de control [NR] 00874nam a22002417a 4500
005 - FECHA Y HORA DE LA ÚLTIMA TRANSACCIÓN
control field 20211112084041.0
008 - DE LONGITUD FIJA DE DATOS DE ELEMENTOS - INFORMACIÓN GENERAL
Elementos de longitud fija [NR] 130821s1997 xxua gr eng
020 ## - NUMERO INTERNACIONAL NORMALIZADO PARA LIBROS [R]
Número Internacional Normalizado del libro [NR] 1565939077
020 ## - NUMERO INTERNACIONAL NORMALIZADO PARA LIBROS [R]
Número Internacional Normalizado del libro [NR] 9781565939073
040 ## - FUENTE DE CATALOGACION [NR]
Agencia de catalogación original [NR] Co-BoUCM
Idioma de catalogación [NR] spa
Quien Cataloga Saul Niño (Modificó)
Quien Clasifica [Nuevo]
041 00 - CODIGO DE IDIOMA [R]
Código de idioma para texto/pista de sonido o título separado [R] Inglés
060 10 - SIGNATURA TOPOGRAFICA DE LA BIBLIOTECA NACIONAL DE MEDICINA (NLM) [R]
Número clasificador [R] WV 255
245 00 - MENCION DE TITULO [NR]
Título [NR] Handbook of balance function testing
Mención de responsabilidad, etc. [NR] [editores] Gary P. Jacobson, Craig W. Newman, Jack M. Kartush
260 ## - PUBLICACION, DISTRIBUCION, ETC. (PIE DE IMPRENTA) [R]
Lugar de publicación, distribución, etc. [R] San Diego (California, Estados Unidos)
Nombre del editor, distribuidor, etc. [R] Singular Pub. Group
Fecha de publicación, distribución, etc. [R] 1997
300 ## - DESCRIPCION FISICA [R]
Extensión [R] xii, 439 páginas
Otros detalles físicos [NR] ilustraciones
650 04 - ASIENTO SECUNDARIO DE MATERIA - TERMINO TEMATICO [R]
Término temático o nombre geográfico como elemento de entrada [NR] Equilibrio (Fisiología)
9 (RLIN) 14690
650 04 - ASIENTO SECUNDARIO DE MATERIA - TERMINO TEMATICO [R]
Término temático o nombre geográfico como elemento de entrada [NR] Otorrinolaringología
9 (RLIN) 20948
650 04 - ASIENTO SECUNDARIO DE MATERIA - TERMINO TEMATICO [R]
Término temático o nombre geográfico como elemento de entrada [NR] Pruebas de función vestibular
9 (RLIN) 22754
700 1# - ASIENTO SECUNDARIO - NOMBRE PERSONAL [R]
Nombre personal [NR] Jacobson, Gary P.
9 (RLIN) 86412
700 1# - ASIENTO SECUNDARIO - NOMBRE PERSONAL [R]
Nombre personal [NR] Kartush, Jack M.
9 (RLIN) 86413
700 1# - ASIENTO SECUNDARIO - NOMBRE PERSONAL [R]
Nombre personal [NR] Newman, Craig W.
9 (RLIN) 86414
942 ## - ELEMENTOS DE ENTRADA AGREGADOS (KOHA)
Tipo de ítem principal el descrito en 300a Libro
Tema principal Medicina
Edición 1
Parte restante de la signatura top. H236
Sistema de clasificación NLM
Clasificación WV 255
Título oculto en OPAC No
Existencias
Fecha de último préstamo Total préstamos Signatura topográfica Código de barras Última vez visto Ejemplar Price effective from Tipo de ítem Perdido Sistema de clasificación Dañado No prestable Tipo de ítem específico Suprimido Ubicación habitual Ubicación actual Localización Fecha de creación Forma de adquisición Costo Total Renewals Costo de reposición Proveedor
10/08/2016 3 WV 255 H236 200014493 06/12/2017 Ej.1 03/02/2013 Libro   NLM     Libro   Bodega Bodega Préstamo 4 días después de solicitado 30/09/2007 Compra 203000.00      
08/04/2019 3 WV 255 H236 100153370 12/12/2025 Ej.2 20/06/2017 Libro   NLM     Libro   Quinta de Mutis Quinta de Mutis 2do piso 20/06/2017 Compra 290517.00 3 290517.00 37